All 1M+ cities in Europe (with a map) - Statistics

General Stats
  • This quiz has been taken 2,925 times
    2,745 since last reset
  • The average score is 53 of 67
Answers on the Map
Answers color-coded by a green-red scale on the quiz's map according to % correct below.
 
Answer Stats
Country Population Answer % Correct
United Kingdom 14.80 mil London
97%
Germany 4.75 mil Berlin
96%
Spain 6.80 mil Madrid
96%
Russia 17.40 mil Moscow
96%
France 11.40 mil Paris
96%
Italy 3.45 mil Rome
96%
Ukraine 3.50 mil Kiev
95%
Norway 1.22 mil Oslo
95%
Netherlands 2.50 mil Amsterdam
94%
Spain 4.90 mil Barcelona
94%
Ireland 1.42 mil Dublin
94%
Turkey 16.50 mil Istanbul
94%
Portugal 2.47 mil Lisbon
94%
Russia 5.60 mil Saint Petersburg
94%
Sweden 2.20 mil Stockholm
94%
Poland 2.37 mil Warsaw
94%
Greece 3.50 mil Athens
93%
Finland 1.50 mil Helsinki
93%
Austria 2.25 mil Vienna
93%
Italy 6.15 mil Milan
92%
Belgium 2.72 mil Brussels
91%
Hungary 2.65 mil Budapest
91%
Denmark 1.75 mil Copenhagen
91%
Germany 2.27 mil Munich
91%
Germany 2.87 mil Hamburg
90%
United Kingdom 3.10 mil Manchester
90%
Belarus 2.00 mil Minsk
90%
Czechia 1.47 mil Prague
90%
Bulgaria 1.45 mil Sofia
90%
Romania 2.20 mil Bucharest
89%
Italy 4.12 mil Naples
88%
United Kingdom 1.88 mil Liverpool
86%
Portugal 1.55 mil Porto
86%
Serbia 1.43 mil Belgrade
85%
Netherlands 3.30 mil Rotterdam
85%
Germany 4.97 mil Cologne/Dusseldorf
84%
Germany 3.27 mil Frankfurt
84%
United Kingdom 1.69 mil Glasgow
84%
France 2.00 mil Lyon
84%
France 1.69 mil Marseille
84%
United Kingdom 3.15 mil Birmingham
83%
Switzerland 1.47 mil Zurich
82%
Spain 1.88 mil Valencia
79%
Italy 1.60 mil Turin
76%
Ukraine 1.11 mil Odessa
74%
France 1.12 mil Bordeaux
72%
Belgium 1.23 mil Antwerp
70%
United Kingdom 2.17 mil Leeds
69%
Germany 2.40 mil Stuttgart
67%
United Kingdom 1.50 mil Newcastle
66%
Ukraine 1.62 mil Kharkiv
65%
Germany 1.00 mil Bremen
64%
Ukraine 1.43 mil Donetsk
64%
France 1.31 mil Lille
63%
France 1.10 mil Toulouse
63%
Spain 1.30 mil Sevilla
62%
Spain 1.07 mil Málaga
61%
Germany 1.14 mil Hanover
56%
Germany 1.20 mil Nuremberg
56%
Russia 1.30 mil Rostov-on-don
56%
United Kingdom 1.16 mil Southampton
54%
United Kingdom 1.57 mil Sheffield
52%
Poland 2.30 mil Katowice
50%
Ukraine 1.36 mil Dnipro
48%
United Kingdom 1.39 mil Nottingham
46%
Germany 1.58 mil Mannheim
38%
Russia 1.05 mil Voronezh
32%
No matching quizzes found
Score Distribution
Percent of People with Each Score
Percentile by Number Answered
Your Score History
You have not taken this quiz since the last reset